| 000 | 00872nmc a2200313 a 4500 | ||
|---|---|---|---|
| 003 | AR-BaBNM | ||
| 005 | 20251128203604.0 | ||
| 008 | 236019s1953 ||||||||||||||000 | spa|| | ||
| 040 | _cAR-BaBNM | ||
| 100 | 1 | _aMuñíz, Francisco Javier | |
| 245 | 1 | 0 | _aEscritos científicos |
| 260 |
_aBuenos Aires _bJackson _c1953 |
||
| 300 | 1 | _axx, 272 p. | |
| 490 | 0 |
_aGrandes Escritores Argentinos _vv. 8 |
|
| 500 | 0 | _aContiene biografía del autor | |
| 500 | 0 | _aCarta de Charles Darwin al autor en p. 271 | |
| 600 | 1 | 4 | _aDarwin, Charles |
| 650 | 4 | _aPALEONTOLOGIA | |
| 650 | 4 | _aFOSILES | |
| 650 | 4 | _aBIOLOGIA | |
| 650 | 4 | _aHISTORIA NATURAL | |
| 650 | 4 | _aFLORA Y FAUNA SILVESTRES | |
| 650 | 4 | _aHISTORIA DE LAS CIENCIAS | |
| 653 | 0 | _aGAUCHOS | |
| 700 | 1 |
_aAmeghino, Florentino _eprologuista |
|
| 800 | 1 |
_aPalcos, Alberto _edirector |
|
| 942 | _cBK | ||
| 998 | _cisola | ||
| 999 |
_c4030 _d4030 |
||